| 000 | 00599nam a2200205 i 4500 | ||
|---|---|---|---|
| 001 | 71546 | ||
| 003 | ES-MaACL | ||
| 005 | 20230906171148.0 | ||
| 007 | t| | ||
| 008 | 040812s1912 fr ||||1| fre d | ||
| 100 | 1 |
_aGentil, Louis. _956354 |
|
| 245 | 1 | 3 |
_aLe Maroc physique / _cLouis Gentil. |
| 260 |
_a[S.l. : _bs.n., _c1912] ( _eEvreux : _fCh. Herissey) |
||
| 300 |
_a319 p. ; _c19 cm. |
||
| 490 | 1 | _aNouvelle collection scientifique | |
| 651 | 4 |
_aMarruecos- _xGeografĂa. _9156707 |
|
| 830 | 0 |
_aNouvelle collection scientifique _9183891 |
|
| 852 |
_aES-MaACL _jD-4205 |
||
| 999 |
_c71546 _d71546 |
||